000 00872nam a2200277 a 4500
999 _c9452
_d9452
001 9452
003 BD-JhCC
005 20180314163519.0
008 180314s19521950enk 001 0beng d
035 _a(BD-JhCC)9452
040 _aBD-JhCC
_dBD-JhCC
041 _aeng
082 _a610.73092
_bSMI 1964
100 1 _aWoodham Smith, Cecil,
_d1896-1977
245 1 0 _aFlorence Nightingale, 1820-1910 /
_cCecil Woodham-Smith
260 _aLondon :
_bReprint Society,
_c1952
300 _a450 p., [4] leaves of plates :
_bill. ;
_c19 cm
500 _aIncludes bibliography and index
500 _aFirst published: London : Constable, 1950
504 _aIncludes Index
600 1 0 _aNightingale, Florence,
_d1820-1910.
650 0 _aNurse administrators
_zGreat Britain
_vBiography.
700 1 _aNightingale, Florence,
_d1820-1910.
942 _2ddc
_cBK